<?xml version="1.0" encoding="UTF-8"?>
<record
    xmlns:xsi="http://www.w3.org/2001/XMLSchema-instance"
    xsi:schemaLocation="http://www.loc.gov/MARC21/slim http://www.loc.gov/standards/marcxml/schema/MARC21slim.xsd"
    xmlns="http://www.loc.gov/MARC21/slim">

  <leader>00953nam a22001457a 4500</leader>
  <datafield tag="999" ind1=" " ind2=" ">
    <subfield code="c">523839</subfield>
    <subfield code="d">523839</subfield>
  </datafield>
  <controlfield tag="008">231005b           ||||| |||| 00| 0 eng d</controlfield>
  <datafield tag="100" ind1=" " ind2=" ">
    <subfield code="a">Kaur, Raneet</subfield>
    <subfield code="9">44062</subfield>
  </datafield>
  <datafield tag="245" ind1=" " ind2=" ">
    <subfield code="a">Protecting the interests of consumers and businesses </subfield>
  </datafield>
  <datafield tag="260" ind1=" " ind2=" ">
    <subfield code="a">Yojana </subfield>
  </datafield>
  <datafield tag="300" ind1=" " ind2=" ">
    <subfield code="a">67(9), Sep, 2023: p.37-41</subfield>
  </datafield>
  <datafield tag="520" ind1=" " ind2=" ">
    <subfield code="a">Comp0etition plays a crucial role in shaping how businesses operate and interact with each other. It creates an environment where businesses are constantly pushed to improve, innovate, and meet consumer needs effectively. The competition, act, with CCI as its working arm not only regulates markets but also facilitates fair competition and a level playing field for businesses. While the competition low doesn&#x2019;t explicitly address consumer rights, it prioritizes consumers&#x2019; interests by fostering a markets free from anti-competitive forces and abuse of dominance. &#x2013; Reproduced </subfield>
  </datafield>
  <datafield tag="773" ind1=" " ind2=" ">
    <subfield code="a">Yojana </subfield>
  </datafield>
  <datafield tag="906" ind1=" " ind2=" ">
    <subfield code="a">CONSUMERS</subfield>
  </datafield>
  <datafield tag="942" ind1=" " ind2=" ">
    <subfield code="c">AR</subfield>
  </datafield>
  <datafield tag="952" ind1=" " ind2=" ">
    <subfield code="0">0</subfield>
    <subfield code="1">0</subfield>
    <subfield code="2">ddc</subfield>
    <subfield code="4">0</subfield>
    <subfield code="7">0</subfield>
    <subfield code="9">398890</subfield>
    <subfield code="a">IIPA</subfield>
    <subfield code="b">IIPA</subfield>
    <subfield code="d">2023-10-05</subfield>
    <subfield code="h">67(9), Sep, 2023: p.37-41</subfield>
    <subfield code="p">AR129732</subfield>
    <subfield code="r">2023-10-05</subfield>
    <subfield code="y">AR</subfield>
  </datafield>
</record>
